Primer for America /

Bibliographic Details
Main Author: Coffin, Robert P. Tristram (Robert Peter Tristram), 1892-1955
Format: Book
Language:English
Published: New York : The Macmillan company, 1943.

MARC

Tag First Indicator Second Indicator Subfields
LEADER 00000cam a2200000 4500
001 in00000027516
005 20151007062630.0
008 720412s1943 nyua 00010 eng u
010 |a  43051198  
035 |a (OCoLC)00282356 
035 |9 AAD5407AM 
040 |c WSU  |d TXA  |d UtOrBLW 
049 |a TXAM  |c 1 [113454]  |c 2 [134732] 
050 0 |a PS3505.O234  |b P7 
092 |a 811  |b C675pr 
100 1 |a Coffin, Robert P. Tristram  |q (Robert Peter Tristram),  |d 1892-1955. 
245 1 0 |a Primer for America /  |c by Robert P. Tristram Coffin; decorations by the author. 
264 1 |a New York :  |b The Macmillan company,  |c 1943. 
300 |a xiv pages, 1 ., 166 pages, 1 :  |b illustrations ;  |c 22 cm. 
336 |a text  |b txt  |2 rdacontent 
337 |a unmediated  |b n  |2 rdamedia 
338 |a volume  |b nc  |2 rdacarrier 
500 |a Ballads. 
500 |a "First printing." 
999 |a MARS 
999 f f |s 16e3db62-7965-3ae3-89af-77913701315b  |i a79ec8b7-6cb7-3d66-88d7-bd4ad1859785  |t 0 
952 f f |p ric  |a Texas A&M University  |b Rellis Campus  |c Joint Library Facility  |s JLF  |d Remote Storage  |t 0  |e PS3505.O234 P7  |h Library of Congress classification  |i unmediated -- volume  |m A14801214251 
998 f f |a PS3505.O234 P7  |t 0  |l Remote Storage